书目信息 |
| 题名: |
中共中央党刊史稿
|
|
| 作者: | 方克 主编 | |
| 分册: | 上卷 | |
| 出版信息: | 北京 红旗出版社 1999 |
|
| 页数: | 725页 | |
| 开本: | 20cm | |
| 丛书名: | ||
| 单 册: | ||
| 中图分类: | G219.29 | |
| 科图分类: | ||
| 主题词: | 中国共产党--刊物--史料--研究 , 新闻工作 | |
| 电子资源: | ||
| ISBN: | 7-5051-0365-2 | |
| 000 | 00600nam0 2200205 45 | |
| 001 | 0309301570 | |
| 005 | 20031219104119.3 | |
| 010 | @a7-5051-0365-2@dCNY48.00 | |
| 100 | @a20030930d1999 km y0chiy0120 ea | |
| 101 | 0 | @achi |
| 105 | @a z 000yy | |
| 200 | 1 | @a中共中央党刊史稿@h上卷@AZhong Gong Zhong Yang Dang Kan Shi Gao@f方克主编@FFang Ke Zhu Bian |
| 210 | @a北京@c红旗出版社@d1999 | |
| 215 | @a725页@d20cm | |
| 606 | 0 | @a中国共产党@x刊物@x史料@x研究 |
| 606 | 0 | @a新闻工作 |
| 690 | @aG219.29@v4 | |
| 701 | 0 | @a方克@4主编 |
| 801 | @aCN@bTSTC@c20030930 | |
| 905 | @b326633-634@dG219.29@e123:1@f2 | |
| 中共中央党刊史稿.上卷/方克主编.-北京:红旗出版社,1999 |
| 725页;20cm |
| ISBN 7-5051-0365-2:CNY48.00 |
| ● |
| 相关链接 |
|
|
|
|
正题名:中共中央党刊史稿
索取号:G219.29/123:1
 
预约/预借
| 序号 | 登录号 | 条形码 | 馆藏地/架位号 | 状态 | 备注 |
| 1 | 0326633 | 203266330 | 第四借阅区/ [索取号:G219.29/123:1] | 在馆 | |
| 2 | 0326634 | 203266349 | 第一样本阅览室/ [索取号:G219.29/123:1] | 在馆 |